000 01235nam0a22002891 4500
001 rc\3558992
005 20250610041727.0
035 _a(NLR Aleph) 007684474
090 _a6574080
_c6574080
100 _a20130115d1976 |||y0rusy50 ca
101 0 _arus
102 _aRU
105 _aa z |||||
200 1 _aКоми АССР в девятой пятилетке
_eСтат. сборник
_fПод общ. ред. В.Я. Сквозникова
_gСтат. упр. КомиАССР
210 _aСыктывкар
_cКоми кн. изд-во
_d1976
215 _a143 с.
_cил.
_d21
300 _aНа обороте тит. л. в сост. принимали участие: К.В. Афанасьева, Г.А. Братенков, Л.С. Брехова и др.
532 1 2 _aКоми автономная советская социалистическая республика в девятой пятилетке
702 1 _aБратенков
_bГ.
_gГ.А
_4220
702 1 _aБрехова
_bЛ.С.
_4220
702 1 _aАфанасьева
_bК.В.
_4220
702 1 _aСквозников
_bВ.Я.
_4340
801 0 _aRU
_bNLR
_gpsbo
801 1 _aRU
_bELAR
_2rusmarc
852 _aNLR
_j78-3/1175
942 _cBOOK
980 _aNB